Needs assessment : a user's guide
Saved in:
| Main Author: | |
|---|---|
| Other Authors: | , |
| Format: | Book |
| Language: | English |
| Published: |
Englewood Cliffs, N.J. :
Educational Technology Publications,
c1993
|
| Subjects: | |
| Tags: |
Add Tag
No Tags, Be the first to tag this record!
|
MARC
| LEADER | 00000nam a2200000 i 4500 | ||
|---|---|---|---|
| 001 | 1/73466 | ||
| 008 | 980605s1993 eng d | ||
| 020 | |a 0-87778-258-X | ||
| 035 | |l 10031523 | ||
| 035 | |a 1995 |b 3 |c Μεϊμάρης | ||
| 040 | |a GR-MY-UA |b gre |e aacr | ||
| 041 | 0 | |a eng | |
| 082 | 0 | |a 823.8099287 |2 (20) | |
| 100 | 1 | |a Kaufman, Roger A. | |
| 245 | 1 | 0 | |a Needs assessment : |b a user's guide / |c Roger Kaufman, Alicia M. Rojas, Hanna Mayer |
| 260 | |a Englewood Cliffs, N.J. : |b Educational Technology Publications, |c c1993 | ||
| 300 | |a xvi, 190 p.; |b ill.; |c 28 cm | ||
| 504 | |a Includes bibliographical references and index | ||
| 650 | 0 | 0 | |a Strategic planning. |
| 650 | 0 | 0 | |a Needs assessment. |
| 700 | 1 | |a Rojas, Alicia Mabel. | |
| 700 | 1 | |a Mayer, Hanna. | |
| 852 | |a INST |b RHODES |e 19980605 |h 823.8099287 KAU |p 005400011665 |q 005400011665 |t BK |y 0 | ||
| 909 | |a Ρ |b 043431 |c 1995 | ||